|
|
|
|
| LEADER |
00000nam0a2200000 4500 |
| 001 |
366494 |
| 005 |
20231102011904.0 |
| 035 |
|
|
|a (RuTPU)RU\TPU\retro\23857
|
| 090 |
|
|
|a 366494
|
| 100 |
|
|
|a 20220209d1979 m y0rusy50 ca
|
| 101 |
0 |
|
|a rus
|
| 102 |
|
|
|a RU
|
| 105 |
|
|
|a a j 001zy
|
| 200 |
1 |
|
|a Измерение концентрации кислорода в газовых смесях при помощи твердых электролитов
|e конспект лекций
|f В. В. Сауткин, М. Я. Хесин
|g Всесоюзный институт повышения квалификации руководящих работников и специалистов
|
| 210 |
|
|
|a Москва
|c [Б. и.]
|d 1979
|
| 215 |
|
|
|a 76 с.
|c ил.
|
| 320 |
|
|
|a Библиогр.: с. 72-75
|
| 606 |
1 |
|
|a Электролиты твердые
|2 stltpush
|3 (RuTPU)RU\TPU\subj\68106
|9 83636
|
| 610 |
1 |
|
|a газовая потенциометрия
|
| 610 |
1 |
|
|a методы
|
| 610 |
1 |
|
|a применимость
|
| 610 |
1 |
|
|a ионная проводимость
|
| 610 |
1 |
|
|a электронная проводимость
|
| 610 |
1 |
|
|a окисные твердые электролиты
|
| 610 |
1 |
|
|a кислородопроницаемость
|
| 610 |
1 |
|
|a газопотенциометрические измерения
|
| 610 |
1 |
|
|a кислород
|
| 610 |
1 |
|
|a хемосорбция
|
| 610 |
1 |
|
|a лекции
|
| 610 |
1 |
|
|a учебные пособия
|
| 675 |
|
|
|a 544.6.018.4(075.8)
|v 4
|
| 700 |
|
1 |
|a Сауткин
|b В. В.
|
| 701 |
|
1 |
|a Хесин
|b М. Я.
|
| 712 |
0 |
2 |
|a Всесоюзный институт повышения квалификации руководящих работников и специалистов
|c (Москва)
|2 stltpush
|3 (RuTPU)RU\TPU\col\27888
|9 28939
|
| 801 |
|
1 |
|a RU
|b 63413507
|c 20220209
|
| 942 |
|
|
|c BK
|